Tratado de arquitectura hidráulica
Na minha lista:
| Autor principal: | |
|---|---|
| Formato: | Livro |
| Idioma: | espanhol |
| Publicado em: |
Barcelona
Gustavo Gili
1935
|
| Assuntos: | |
| Tags: |
Adicionar Tag
Sem tags, seja o primeiro a adicionar uma tag!
|
MARC
| LEADER | 00000nam a2200000 a 4500 | ||
|---|---|---|---|
| 001 | UCV4089 | ||
| 003 | CL-VaPUC | ||
| 008 | 890824e19350000SP |||||||||||||||||spa|d | ||
| 082 | 0 | 4 | |a 627 |b SCH |2 21 |
| 100 | 0 | |a Schoklitsch, Armin |e author |9 298440 | |
| 245 | 1 | 0 | |a Tratado de arquitectura hidráulica |
| 300 | |a v | ||
| 942 | |c BK | ||
| 945 | |d 19890824 00:00:00 |a mfernand | ||
| 260 | |a Barcelona |b Gustavo Gili |c 1935 | ||
| 500 | |a v.2: Embalses y pantanos. Salto de aguas. Tráfico fluvial | ||
| 650 | 0 | |a Ingeniería hidráulica |9 260281 | |
| 650 | 0 | |a Hidráulica |9 260193 | |
| 583 | |a last modification |c 19890824 00:00:00 |k Rodrigo Vera | ||
| 999 | |c 211098 |d 211096 | ||
| 952 | |0 0 |1 0 |4 0 |6 627_000000000000000_SCH_1935 |7 0 |8 A |9 188970 |a BIBING |b BIBING |d 2019-11-14 |h v.1 |i 2565730 |o 627 SCH 1935 |p 2565730 |r 2025-01-20 |w 2019-11-14 |y BK |k ING | ||
| 952 | |0 0 |1 0 |4 0 |6 627_000000000000000_SCH_1935 |7 0 |8 A |9 188971 |a BIBING |b BIBING |d 2019-11-14 |h v.2 |i 1682598 |o 627 SCH 1935 |p 1682598 |r 2025-01-20 |w 2019-11-14 |y BK |k CCL | ||